|
|
|
|
| LEADER |
00911cam a2200253 7i4500 |
| 001 |
0000004122 |
| 005 |
20170218090000.0 |
| 020 |
|
|
|a 0470845422 (hbk.)
|
| 020 |
|
|
|a 9780470845424 (hbk.)
|
| 090 |
0 |
0 |
|a TK6561
|b .H68 2003
|
| 100 |
1 |
|
|a Hottinen, Ari
|
| 245 |
1 |
0 |
|a Multi-antenna transceiver techniques for 3G and beyond
|c Ari Hottinen, Olav Tirkkonen, Risto Wichman.
|
| 260 |
|
|
|a West Sussex,:
|b John Wiley & Sons,
|c 2003.
|
| 300 |
|
|
|a xvi, 326 p.:
|b ill.;
|c 26 cm.
|
| 504 |
|
|
|a Includes bibliographical references and index
|
| 650 |
0 |
0 |
|a Modulation (Electronics)
|
| 650 |
0 |
0 |
|a Antennas (Electronics)
|
| 650 |
0 |
0 |
|a Signal processing
|
| 700 |
1 |
|
|a Tirkkonen, Olav
|
| 700 |
1 |
|
|a Wichman, Risto
|
| 997 |
|
|
|a Engineering, Faculty
|b Engineering, Department
|
| 998 |
|
|
|a Electrical Engineering, Degree
|
| 998 |
|
|
|a Electronics Engineering, Degree
|
| 999 |
|
|
|a 0000005637
|b BOK
|c OPEN SHELF
|e 2nd Floor, Bestari Jaya
|